Statistics for Države svijeta po abecedi

Click here to take the quiz!

General Stats

  • This quiz has been taken 475 times
  • The average score is 115 of 197

Answer Stats

#Država% Correct
50Francuska
87%
9Australija
86%
10Austrija
86%
49Finska
86%
2Albanija
85%
187Ujedinjeno Kraljevstvo
84%
4Andora
83%
34Danska
83%
25Bugarska
81%
63Hrvatska
81%
7Argentina
80%
16Belgija
80%
32Češka
80%
147Rusija
80%
1Afganistan
79%
22Bosna i Hercegovina
79%
44Estonija
79%
54Grčka
79%
132Njemačka
79%
103Litvanija
78%
74Japan
77%
23Brazil
76%
30Crna Gora
76%
87Kipar
76%
172Švedska
76%
33Čile
75%
68Irska
75%
86Kina
75%
97Latvija
75%
164Srbija
75%
129Nizozemska
74%
130Norveška
74%
161Slovenija
74%
5Angola
73%
56Gruzija
73%
65Indonezija
73%
170Španija
73%
64Indija
72%
66Irak
72%
67Iran
72%
78Južna Koreja
72%
106Mađarska
72%
142Poljska
72%
183Turska
72%
3Alžir
71%
21Bolivija
71%
31Čad
71%
82Kanada
71%
104Luksemburg
71%
159Sjeverna Makedonija
71%
11Azerbejdžan
70%
19Bjelorusija
70%
39Egipat
70%
48Filipini
70%
69Island
70%
71Italija
70%
72Izrael
70%
160Slovačka
70%
126Niger
69%
143Portugal
69%
146Rumunija
69%
8Armenija
68%
134Oman
68%
47Fidži
67%
192Vatikan Siti
67%
195Zambija
67%
40Ekvador
66%
62Honduras
66%
127Nigerija
66%
38Džibuti
65%
53Gana
65%
75Jemen
65%
112Maroko
65%
173Švicarska
65%
157Sjedinjene Američke Države
64%
36Dominika
63%
73Jamajka
63%
84Kazahstan
63%
120Monako
63%
189Urugvaj
63%
14Bangladeš
62%
46Etiopija
62%
102Lihtenštajn
62%
135Pakistan
62%
149San Marino
62%
158Sjeverna Koreja
62%
197Zimbabve
62%
61Haiti
61%
92Kosovo
61%
111Malta
61%
116Meksiko
61%
188Ukrajina
61%
193Venecuela
61%
59Gvineja
60%
119Moldavija
60%
141Peru
60%
37Dominikanska Republika
59%
76Jordan
59%
90Kolumbija
59%
110Mali
59%
121Mongolija
59%
125Nepal
59%
131Novi Zeland
59%
20Bocvana
58%
77Južna Afrika
58%
94Kuba
58%
28Butan
57%
93Kostarika
56%
165Sudan
56%
181Tunis
56%
182Turkmenistan
56%
83Katar
55%
105Madagaskar
55%
133Obala Slonovače
55%
138Panama
55%
140Paragvaj
55%
171Šri Lanka
55%
12Bahami
54%
79Južni Sudan
54%
96Laos
54%
151Saudijska Arabija
54%
190Uzbekistan
54%
175Tajland
53%
35Demokratska Republika Kongo
52%
88Kirgistan
52%
109Malezija
52%
156Sirija
52%
185Uganda
52%
13Bahrein
51%
42El Salvador
51%
43Eritreja
51%
52Gambija
51%
57Gvajana
51%
99Libanon
51%
101Libija
50%
18Benin
49%
81Kamerun
49%
145Ruanda
49%
174Tadžikistan
49%
186Ujedinjeni Arapski Emirati
49%
194Vijetnam
49%
51Gabon
48%
80Kambodža
48%
85Kenija
48%
108Maldivi
48%
163Somalija
48%
95Kuvajt
47%
15Barbados
46%
17Belize
46%
24Brunej
46%
58Gvatemala
46%
123Namibija
46%
153Senegal
46%
155Singapur
46%
177Tanzanija
46%
6Antigva i Barbuda
45%
26Burkina Faso
45%
128Nikaragva
45%
98Lesoto
44%
100Liberija
44%
115Mauritanija
44%
176Tajvan
44%
27Burundi
43%
178Togo
43%
29Centralnoafrička Republika
42%
70Istočni Timor
42%
139Papua Nova Gvineja
42%
60Gvineja Bisau
41%
122Mozambik
41%
152Sejšeli
41%
55Grenada
40%
89Kiribati
39%
114Mauricijus
39%
118Mjanmar
39%
166Surinam
39%
167Sveta Lucija
39%
137Palestina
37%
148Samoa
37%
196Zelenortski otoci
37%
45Esvatini
36%
107Malavi
36%
179Tonga
35%
41Ekvatorijalna Gvineja
34%
136Palau
34%
191Vanuatu
34%
91Komori
33%
113Maršalovi otoci
33%
117Mikronezija
33%
154Sijera Leone
33%
184Tuvalu
33%
180Trinidad i Tobago
32%
124Nauru
31%
162Solomonski otoci
30%
144Republika Kongo
29%
150Sao Tome i Principe
24%
168Sveti Kits i Nevis
22%
169Sveti Vincent i Grenadini
21%

Score Distribution

Percentile by Number Answered

Percent of People with Each Score

Your Score History

You have not taken this quiz